|
|
|
|
| LEADER |
00957nam a2200289 a 4500 |
| 001 |
000557459 |
| 003 |
CZ BrMZK |
| 005 |
20060214091421.0 |
| 007 |
ta |
| 008 |
000105s1990 xr cze d |
| 040 |
|
|
|a BOA001
|b cze
|
| 080 |
|
|
|a 595.768.13
|2 MRF
|
| 080 |
|
|
|a 595.768.21
|2 MRF
|
| 100 |
1 |
|
|a Strejček, Jaromír,
|d 1925-2019
|7 ola2005262621
|4 aut
|
| 245 |
1 |
0 |
|a Brouci čeledi Bruchidae, Urodonicae a Anthribidae /
|c Jaromír Strejček
|
| 250 |
|
|
|a 1. vyd.
|
| 260 |
|
|
|a Praha :
|b Academia,
|c 1990
|
| 300 |
|
|
|a 87 s. :
|b 24 tb.
|
| 490 |
1 |
|
|a Zoologické klíče
|
| 504 |
|
|
|a Obsahuje bibliografii
|
| 830 |
|
0 |
|a Zoologické klíče
|0 s
|
| 910 |
|
|
|a BOA001
|b 2-0973.380
|
| 964 |
|
|
|a Zrnokazovití - klíče - určování
|
| 964 |
|
|
|a Rezedáčkovití - klíče - určování
|
| 964 |
|
|
|a Větevníčkovití - klíče - určování
|
| 990 |
|
|
|a BK
|
| 996 |
6 |
|
|b 2619694895
|c 2-0973.380
|l MZK
|r Sklad / do 1 hodiny
|n 3
|w 000557459
|u 000010
|a 1
|e BOA001
|j MZK50
|s P
|